| 000 | 00945cam a2200277 a 4500 | ||
|---|---|---|---|
| 001 | 000003516 | ||
| 005 | 20200929150452.0 | ||
| 008 | 801119s1981 sp 000 f spa d | ||
| 040 |
_aDO-SdBNP _bspa _cBNPHU |
||
| 041 | 1 | 7 |
_aspa _heng _2Código de idioma MARC |
| 082 |
_a813.54 _bA565f |
||
| 100 | 1 |
_aAndrews, V. C. _q(Virginia C.) _910900 |
|
| 240 | 1 | 0 |
_aFlowers in the attic. _lEspañol |
| 245 | 1 | 0 |
_aFlores en el ático / _cV. C. Andrews ; traducción Jesús Pardo. |
| 250 | _aBook Club ed. | ||
| 260 |
_aBarcelona : _bPlaza & Janés, _c1981. |
||
| 300 |
_a469 p. ; _c18 cm. |
||
| 534 |
_pTítulo original: _tFlowers in the attic |
||
| 650 | 4 |
_aNovela psicológica americana. _910901 |
|
| 650 | 4 |
_aNovela estadounidense _ySIGLO XX. _96873 |
|
| 650 | 4 |
_aLiteratura estadounidense _ySIGLO XX _vNOVELA. _910902 |
|
| 700 | 1 |
_aPardo, Jesús, _etr. _910903 |
|
| 910 | _aCatalogación derivada | ||
| 910 | _aJornada de catalogación | ||
| 910 | _aWM | ||
| 999 |
_c3342 _d3342 |
||